000 01697nam a22002417a 4500
942 _cBK
999 _c518
_d518
005 20250420134814.0
008 200728b ||||| |||| 00| 0 eng d
020 _a9781292042695
040 _cKCST
082 _a515.35
_bRa El
100 _aRainville, Earl D
_94787
245 _aElementary differential equations /
_cEarl D Rainville; Phillip Edward Bedient; Richard E Bedient
250 _a8th edition.
_bNew int. edition.
260 _aHarlow, Essex :
_bPearson,
_c2014.
300 _axiii, 530 pages :
_billustrations (black and white) ;
_c24 cm
505 _a1. Definitions; Families of Curves. 2. Equations of Order One. 3. Numerical Methods. 4. Elementary Applications. 5. Additional Topics on Equations of Order One. 6. Linear Differential Equations. 7. Linear Equations with Constant Coefficients. 8. Nonhomogeneous Equations: Undetermined Coefficients. 9. Variation of Parameters. 10. Applications. 11. Linear Systems of Equations. 12. Nonhomogeneous Systems of Equations. 13. The Existence and Uniqueness of Solutions. 14. The Laplace Transform. 15. Inverse Transforms. 16. Nonlinear Equations. 17. Power Series Solutions. 18. Solutions Near Regular Singular Points. 19. Equations of Hypergeometric Type. 20. Partial Differential Equations. 21. Orthogonal Sets of Functions. 22. Fourier Series. 23. Boundary Value Problems. 24. Additional Properties of the Laplace Transform. 25. Partial Differential Equations Transform Methods. Answers to Odd-numbered Exercises. Index.
650 _aDifferential equations
_xTextbooks.
_94788
655 _aTextbooks.
_94759
700 _aBedient, Phillip Edward
_94789
700 _aBedient, Richard E
_94790
942 _2ddc